000 00310nam a2200109Ia 4500
008 200302s9999 xx 000 0 und d
100 _aKisho Kurokawa
245 _aIntercultural Architecture the Philosophy of Symbiosis
260 _bThe American Institute of Architects Press
260 _c1991
300 _a208 P.,
999 _c901
_d901